000 00587cam a22002171 4500
001 he 67001001
003 DLC
005 20260227111447.0
008 840307s1964 is 000 0 heb
010 _ahe 67001001
035 _a(OCoLC)19161045
040 _aDLC
_cMH
_dDLC
042 _apremarc
050 0 0 _aDS110.J8
_bG6
100 1 _aGoren, Shmuel,
_d1922-
245 1 0 _aLekh lekha :
_b10 maslule ṭiyul be-midbar Yehudah.
260 _aHaifa :
_bAlef-Taṿ,
_c[1966]
300 _a96 p. :
_bill. maps. ;
_c17 cm.
651 0 _aJudaea, Wilderness of.
752 _aIsrael
_dHaifa
999 _c32394
_d32394